Sports Quiz

Random Sports or NFL Quiz

NFL Starting QBs (Cleveland Browns) Quiz Stats

 Plays Quiz Updated Jan 4, 2021

Support Sporcle.
Go Orange.
Score 0/30 Timer 04:00
6 Plays Today
Games Player % Correct
45Baker Mayfield
93.5%
8Johnny Manziel
85.3%
59Tim Couch
82.3%
34Derek Anderson
69.4%
11Josh McCown
67.6%
15DeShone Kizer
67.2%
20Brandon Weeden
65.9%
5Robert Griffin III
62.4%
16Brian Hoyer
61.7%
3Tyrod Taylor
61.6%
12Brady Quinn
61.3%
21Colt McCoy
57.4%
4Luke McCown
52.2%
10Jeff Garcia
46.7%
8Cody Kessler
46.2%
Games Player % Correct
8Jason Campbell
41.6%
12Kelly Holcomb
40.5%
7Seneca Wallace
37.8%
4Jake Delhomme
37.5%
19Charlie Frye
37.1%
11Trent Dilfer
32.1%
1Kevin Hogan
30.7%
2Austin Davis
27.6%
1Spergon Wynn
26.9%
2Ty Detmer
23.4%
1Thaddeus Lewis
22.8%
1Connor Shaw
21.8%
1Bruce Gradkowski
20.9%
8Doug Pederson
16.7%
3Ken Dorsey
16.6%

From the Vault

20 Questions Wrong: History

by Tr4pD00r

History 2m
An F is actually the best grade you can get on this quiz.
Remove Ads.
Support Sporcle.
Get the best of Sporcle when you Go Orange. This ad-free experience offers more features, more stats, and more fun while also helping to support Sporcle. Thank you for becoming a member.

Show Comments

Extras

Top Quizzes Today


Score Distribution

Your Account Isn't Verified!

In order to create a playlist on Sporcle, you need to verify the email address you used during registration. Go to your Sporcle Settings to finish the process.

Report this User

Report this user for behavior that violates our Community Guidelines.

Details: